Nietzsche: la verdad es mujer

Salvato in:
Dettagli Bibliografici
Autore principale: Münnich Busch, Susana (autora)
Natura: Libro
Lingua:spagnolo
Pubblicazione: Santiago Universitaria 1994
Serie:Colección El Saber y la Cultura. Serie Filosofía
Soggetti:
Tags: Aggiungi Tag
Nessun Tag, puoi essere il primo ad aggiungerne!!

MARC

LEADER 00000nam a2200000 a 4500
001 UCO4400
003 CL-VaPUC
008 000804e19940000CL |||||||||||||||||spa|d
082 0 4 |a 146.4  |b MUN  |2 21 
100 |a Münnich Busch, Susana  |e autora  |9 563167 
245 1 0 |a Nietzsche: la verdad es mujer 
300 |a 163 p 
942 |c BK 
945 |d 20000804 00:00:00  |a vberengu 
260 |a Santiago  |b Universitaria  |c 1994 
650 0 |a Filosofía alemana   |9 265002 
650 0 |a Teoría del conocimiento   |9 255038 
583 |a last modification  |c 20000804 00:00:00  |k Rodrigo Vera 
490 0 |a Colección El Saber y la Cultura. Serie Filosofía 
999 |c 290445  |d 290443 
952 |0 0  |1 0  |4 0  |6 146_400000000000000_MUN_1994  |7 0  |8 A  |9 339875  |a BIBEDU  |b BIBEDU  |d 2019-11-20  |i 3638138  |o 146.4 MUN 1994  |p 3638138  |r 2019-11-20  |w 2019-11-20  |y BK  |k BME